000 01270cam a22003377a 4500
003 CHAP
005 20220329135203.0
008 971013s1985 r 00010 d
010 _a32303
011 _a33275
035 _a37390
040 _cCHAP
082 _a634.928
_bM3
100 0 0 _aMas Porras, Javier.
_972743
245 1 3 _aEl manejo de bosques de pino y encino mediante el sistema silvícola de cortas sucesivas de protección (SICOSUP)
260 _aUruapan, Mich. :
_bINIFAP. Centro de Investigaciones Forestales de Occidente,
_c1985
300 _a168 h
500 _aPonencia presentada en: Simposio sobre Silvicultura y Manejo de Bosques en México (1: 1985 Cd. Guzmán, Jal.)
590 _aBATCH-UPD
_b10
_c20130110
_lUCH01
_h0901
590 _aBATCH-UPD
_b10
_c20130410
_lUCH01
_h0530
590 _aBATCH-UPD
_b10
_c20130914
_lUCH01
_h0702
590 _aCONVERSION
_b10
_c20130109
_lUCH01
_h1318
650 1 4 _aBosques
_xAdministración.
_914003
650 1 4 _aCortas de mejoramiento.
_928281
650 1 4 _aPináceas.
_988210
650 1 4 _aQuercus.
_993173
901 _aBK
942 _cLIBRO
949 _a634.928 M3
_bBC
_cLIBRO
_d33724000246179
_eLIBRO
_h72008
_i37390
_mD
_si
949 _a634.928 M3
_bBC
_cLIBRO
_d33724000746822
_eLIBRO
_fc.2
_h73766
_i37390
_si
999 _c32303
_d32303